000 00648nam a2200229Ia 4500
003 OSt
005 20220925231814.0
006 a|||||r|||| 00| 0
007 ta
008 220923b |||||||| |||| 00| 0 eng d
037 _cGeneral Book
040 _aRTL
_cRTL
_beng
041 _2eng
_aeng
082 _aB32, K3/SC
100 _aFLEMING Wendell H.
_9296132
245 0 _aFunctions of several variables.
260 _aMassachusetts
_bAddison- weley Publishing Company
_c1963
300 _avi,451p.
_ccm.
500 _aAppendix: 1-44p.
942 _hB32, K3/SC
_cGB
_2CC
999 _c589473
_d589473